Pays en L - Statistiques

Statistiques générales
  • Ce quiz a été pris 109 fois
  • Le résultat moyen est 8 sur 9
Statistiques - réponses
Hint Réponse % Correct
Il se situe en Europe Lituanie
99%
Il se situe en Europe Lettonie
97%
Il se situe en Asie Laos
87%
Il se situe en Asie Liban
84%
Il se situe en Europe Luxembourg
83%
Il se situe en Afrique Libye
78%
Il se situe en Afrique Lesotho
76%
Il se situe en Europe Liechtenstein
75%
Il se situe en Afrique Liberia
72%
Aucun quiz correspondant
Distribution des résultats
% des personnes avec chaque résultat
Percentile par nombre de réponses
Votre historique - résultats
Vous n’avez pas pris ce quiz